DIGITAL TROUBLESHOOTING (Record no. 580545)

000 -LEADER
fixed length control field 00254nam a22001097a 4500
082 ## - DEWEY DECIMAL CLASSIFICATION NUMBER
Classification number 621.39 GAS'D
100 ## - MAIN ENTRY--PERSONAL NAME
Personal name GASPERINI, RICHARD E
9 (RLIN) 74251
245 ## - TITLE STATEMENT
Title DIGITAL TROUBLESHOOTING
260 ## - PUBLICATION, DISTRIBUTION, ETC.
Place of publication, distribution, etc. CALIFORNIA
Name of publisher, distributor, etc. MOVONICS
Date of publication, distribution, etc. 1976
300 ## - PHYSICAL DESCRIPTION
Extent 18-5P
942 ## - ADDED ENTRY ELEMENTS (KOHA)
Koha item type Book
Holdings
Withdrawn status Lost status Damaged status Not for loan Permanent Location Current Location Shelving location Date acquired Total Checkouts Full call number Barcode Date last seen Price effective from Koha item type
        College of Electrical & Mechanical Engineering (CEME) College of Electrical & Mechanical Engineering (CEME) General Stacks 02/21/2017   621.39 GAS'D CEME-15713 06/28/2021 06/28/2021 Book
© 2023 Central Library, National University of Sciences and Technology. All Rights Reserved.